000 00593nam a2200193 a 4500
005 20240925064931.0
008 991125s1987 es 000 0 spa u
020 _a8420665193
035 _aUPN01000058840
049 _aCG
050 4 _aBF319.5
_bC5.88
100 1 _aClaxton, Guy
_933070
245 1 0 _aVivir y aprender psicología del desarrollo y del cambio en la vida cotidiana /
_cGuy Claxton ; tr. Celina González.
260 _aMadrid :
_bAlianza,
_c1987.
300 _a246 p.
440 0 _aAlianza psicología ;
_v19
650 4 _aPsicología del aprendizaje
_95221
905 _aLibro
999 _c58840
_d58840